LEADER 01094nam a2200277 i 4500 001 000000164152 003 CaOOAMICUS 005 20070904000000.0 008 070904s2006 it u000 u ita u 013 $a141519 020 $a88-307-1559-X 040 $aSeMil$bita 100 1 $aSalvoldi, Valentino.$0(OLS)http://semarc/name/17417 245 10$aAndrea Santoro :$buna porta sempre aperta /$cValentino Salvoldi. 260 $aBologna :$bEMI,$cCopyr. 2006. 300 $a155 p. ;$c21 cm. 490 0 $aVita di missione 500 $aContiene : Appendice. 600 14$aSantoro, Andrea .$0(OLS)http://semarc/subject/31204 830 0$aVita di missione.$0(OLS)http://semarc/title/11100 850 $aSeMil 852 $aSeMil$W1$xVenegono$y1$m3G III 208$j115442$B115442$CSeMilBibl$Z2$F127233 $81 961 $aOmaggio: Braccini Annamaria 996 $6020$a88-307-1559-X$9(OLS)http://semarc/number/150387 996 $6245$aAndrea Santoro :$buna porta sempre aperta$9(OLS)http://semarc/title/234183 996 $6260$aBologna :$bEMI$9(OLS)http://semarc/publisher/29618 LEADER 01086nam a2200181 i 4500 001 000000239081 003 CaOOAMICUS 005 20150219000000.0 008 150219s1821 it u000 u ita u 013 $a217986 026 $alae, S.la .]e- lepe (3) 1821 (A) 040 $aSeMil$bita 245 10$aMIC-NOA. 300 $a326, [2] p. 773 0 $aBergier, Nicolas-Sylvestre <1718-1790>$tDizionario enciclopedico della teologia, della storia della chiesa, degli autori che hanno scritto intorno alla religione, dei concili, eresie, ordini religiosi ec. Composto già per uso dell'enciclopedia metodica dal celebre sig. can. Bergier, tradotto in italiano, corretto ed accresciuto dal p.d. Clemente Biagi dei Camaldolensi. Tomo 1. [-17.].$bEd in questa nuova edizione aumentato di molti nuovi articoli da vari professori di teologia e di storia ecclesiastica.$dFirenze : Presso Giuseppe di Giov. Pagani, 1820-1822.$g10$w()30573 850 $aSeMil 852 $aSeMil$W1$xVenegono$y1$m3D II 54 FA$j189427$B189427$CSeMilBibl$Z2$F200234 $8I 996 $6245$aMIC-NOA$9(OLS)http://semarc/title/340466 LEADER 00911nam a2200229 i 4500 001 000000075446 003 CaOOAMICUS 005 20071012000000.0 008 071012s1985 it u000 u ita u 013 $a46618 040 $aSeMil$bita 100 1 $aSgorlon, Carlo,$d<1930-2009>.$0(OLS)http://semarc/name/37232 245 12$aL'armata dei fiumi perduti :$bromanzo /$cCarlo Sgorlon. 260 $aMilano :$bArnoldo Mondadori Editore,$c1985. 300 $a310 p. ;$c22 cm. 490 0 $aScrittori italiani e stranieri 830 0$aScrittori italiani e stranieri.$0(OLS)http://semarc/title/2727 850 $aSeMil 852 $aSeMil$W1$xVenegono$y1$m1A V 236$j240572$B41598$CSeMilBibl$Z2$F41602 $81 961 $aOmaggio: Donazione 996 $6245$aL'armata dei fiumi perduti :$bromanzo$9(OLS)http://semarc/title/122360 996 $6260$aMilano :$bArnoldo Mondadori Editore$9(OLS)http://semarc/publisher/30056